| 000 | 00456nam a2200157 i 4500 | ||
|---|---|---|---|
| 001 | 33558 | ||
| 003 | ES-MaACL | ||
| 005 | 20230906154758.0 | ||
| 007 | t| | ||
| 008 | 030202s1958 sp ||||1| spa d | ||
| 100 | 1 |
_aBikkal, Dionisio. _928856 |
|
| 245 | 1 | 4 |
_aLos últimos cuarenta años de la Era Cristiana / _cDionisio Bikkal. |
| 260 |
_aMadrid : _b[Euramérica, _c1958] ( _fNebrija) |
||
| 300 |
_a236 p. ; _c18 cm. |
||
| 852 |
_aES-MaACL _jC-15200 _bR.42939 |
||
| 999 |
_c33558 _d33558 |
||